| 000 | 01273njm a22002897a 4500 | ||
|---|---|---|---|
| 005 | 20100914144557.0 | ||
| 006 | a|||||r|||||00| 0 | ||
| 007 | sd ammalaaahaa | ||
| 008 | 100907t xxu||||| |||| 00| 0 eng d | ||
| 028 |
_a3AEX 5269 _bODEON |
||
| 035 | _aGR-02124 | ||
| 100 |
_aMukesh _918693 |
||
| 245 |
_aAnjaana / _cby Mukesh, Lata Mangeshkar and Chorus; music by Laxmikant Pyarelal; lyric by Anand Bakshi _h[Sound recording] |
||
| 246 | _aअनजाना / मुकेश द्वारा | ||
| 260 |
_aDum Dum, India _bODEON _c1970 |
||
| 300 |
_a1 sound disc [Gramophone Recording] _banalog, 33 1/3rpm ; _c12 in. (LP) _fGramaphone Records |
||
| 500 | _aBrief record | ||
| 500 | _aRecord Labels : ODEON, Black | ||
| 505 | _aSide-1 वो कौन है (Woh kaun hai) (Mukesh, Lata Mangeshkar and Chorus) --Side-2 मेरी मोहब्बत तेरी जवानी (Meri mohabbat teri jawani) (Mohammad Rafi) | ||
| 600 |
_aMukesh _919892 |
||
| 650 |
_aFilm songs _xExcerpts _zIndia _918694 |
||
| 700 |
_aMangeshkar, Lata _918695 |
||
| 700 |
_aLaxmikant Pyarelal _920026 |
||
| 700 |
_aBakshi, Anand _919980 |
||
| 942 |
_2ddc _cGR |
||
| 999 |
_c45734 _d45734 |
||